Представление документа в формате RUSMARC

ПолеНазваниеЗначение
  Тип записи a
  Библиографический уровень m
001 Контрольный номер RU/IS/BASE/295629066
005 Дата корректировки 20241118094953.2
010 Индекс ISBN __
d Цена 2-60
101 Язык документа 0_
a Язык текста rus
c Язык оригинала rus
200 Заглавие и сведения об ответственности 1_
a Заглавие Собрание сочинений
e Сведения, относящиеся к заглавию в 4 т.
f Первые сведения об ответственности В. А. Закруткин
b Общее обозначение материала Текст
h Номер части Т. 4, кн. 3
i Наименование части Сотворение мира
210 Выходные данные 1_
a Место издания Ростов н/Д
c Издательство Кн. изд-во
d Дата издания 1980
215 Физическое описание __
a Объем 576 с.
606 Тематические рубрики __
a Основная рубрика Художественная литература
z Хронологическая подрубрика 20 в.
y Географическая подрубрика Россия; РФ
606 Тематические рубрики __
a Основная рубрика Русская литература XX в. (произведения)
610 Ключевые слова 0_
a Ключевые слова историческая проза; исторические романы; романы; тема революции; тема русского народа; тема русской жизни
686 Индексы других классификаций __
a Классификационный индекс 84(2Рос=Рус)6-4
700 Автор _1
a Фамилия Закруткин
b Имя В. А.
4 Код отношения 070
801 Источник записи _0
a Страна RU
b Организация Муниципальное бюджетное учреждение культуры "Централизованная библиотечная система" г. Сургут (Центральная городская библиотека им. А. С. Пушкина)
g Правила каталогизации КиК/Елгина
801 Источник записи _1
a Страна RU
b Организация Муниципальное бюджетное учреждение культуры "Централизованная библиотечная система" г. Сургут (Центральная городская библиотека им. А. С. Пушкина)
g Правила каталогизации КиК/Елгина
852 Данные о местонахождении __
j Шифр хранения 84(2Рос=Рус)6-4
c Каталожный индекс 84(2Рос=Рус)6-4
i Авторский знак З-20
p Инвентарный номер 5142
901 Тип документа __
t Тип документа m
903 Характеристики (МАРС) __
a Дата передачи 20061221
990 Данные о заказе (DOS) __
j Количество экземпляров (DOS) 1